Prebisch y el principio de reciprocidad (Registro nro. 15217)

Detalles MARC
000 -LEADER
fixed length control field 00348 a2200121 4500
001 - CONTROL NUMBER
control field ART_37820
005 - DATE AND TIME OF LATEST TRANSACTION
control field 20260410161701.0
008 - FIXED-LENGTH DATA ELEMENTS--GENERAL INFORMATION
fixed length control field 260409a
100 1# - MAIN ENTRY--PERSONAL NAME
Personal name Panigo, Demián Tupac
245 10 - TITLE STATEMENT
Title Prebisch y el principio de reciprocidad
700 1# - ADDED ENTRY--PERSONAL NAME
Personal name Gárriz, Ana
773 0# - HOST ITEM ENTRY
Title Ensayos Económicos
Related parts - Nº 73 (dic. 2015)
Record control number REV620

No hay ítems disponibles.